Problemas de filosofía del Derecho

Furkejuvvon:
Bibliográfalaš dieđut
Váldodahkkit: Zárraga Olavarría, Carlos (Dahkki), Benítez Figari, Mauricio (Dahkki)
Materiálatiipa: Girji
Giella:espánnjágiella
Almmustuhtton: Santiago Librotecnia 2012
Preanttus:1a. ed
Fáttát:
Fáddágilkorat: Lasit fáddágilkoriid
Eai fáddágilkorat, Lasit vuosttaš fáddágilkora!

MARC

LEADER 00000cam a2200000 a 4500
001 UCF4054
003 CL-VaPUC
008 121115e20120000CL |||||||||||||||||spa|d
020 |a 9789563270716 
082 0 4 |a 340.1  |b ZAR  |2 21 
100 0 |a Zárraga Olavarría, Carlos  |e author  |9 565698 
700 0 |a Benítez Figari, Mauricio  |e author  |9 565699 
245 1 0 |a Problemas de filosofía del Derecho 
250 |a 1a. ed 
300 |a 200 p 
942 |c BK 
945 |d 20121115 00:00:00  |a dcastane 
260 |a Santiago  |b Librotecnia  |c 2012 
650 0 |a Filosofía del derecho   |9 255050 
650 0 |a Naturaleza humana   |9 308593 
650 0 |a Ética  |9 255099 
650 7 |a ETICA DEL DERECHO  |2 CL-VaPUC  |9 476326 
583 |a last modification  |c 20121115 10:00:00  |k Rodrigo Vera 
999 |c 350050  |d 350048 
952 |0 0  |1 0  |4 0  |6 340_100000000000000_ZAR_2012  |7 0  |8 A  |9 453024  |a BIBDER  |b BIBDER  |d 2019-11-22  |i 4923367  |o 340.1 ZAR 2012  |p 4923367  |r 2023-01-25  |w 2019-11-22  |y BK  |k DER